000 00716nam a2200229 a 4500
005 20210219152934.0
008 991125n 000 0 u
035 _aUPN01000067842
100 _aSingh, Jagjit Kaur
222 0 _aJOURNAL OF RESEARCH ON COMPUTING IN EDUCATION
245 0 _aCognitive effects of programming in logo : a review of literature and synthesis of strategies for research
300 _a88-104
362 _a25, No. 1, 1992
505 _aAbril 1993
653 0 _aDISEÑO ASISTIDO POR ORDENADOR
653 0 _aPROCESOS COGNITIVOS
653 0 _aPROGRAMACION
653 0 _aPROGRAMACION DE LENGUAJES
653 0 _aRESOLUCION DE PROBLEMAS
904 _aAC
_b005653
905 _aArticulo
999 _c64218
_d64218